Estudio de factibilidad técnico-económico para la puesta en marcha de una planta procesadora de nopal (Ficus Indica) productores de nopal Yopitas S.P.R. de R.L. en el Municipio de Tlayacapan, Morelos. (Record no. 106864)
[ view plain ]
| 000 -CABECERA | |
|---|---|
| campo de control de longitud fija | 01342nam a2200337 a 4500 |
| 001 - NÚMERO DE CONTROL | |
| campo de control | 000110402 |
| 003 - IDENTIFICADOR DEL NÚMERO DE CONTROL | |
| campo de control | CHAP |
| 005 - FECHA Y HORA DE LA ÚLTIMA TRANSACCIÓN | |
| campo de control | 20220329144131.0 |
| 008 - DATOS DE LONGITUD FIJA--INFORMACIÓN GENERAL | |
| campo de control de longitud fija | 140826s2014 mx sm |||||||spa d |
| 010 ## - NÚMERO DE CONTROL DE LA BIBLIOTECA DEL CONGRESO | |
| Número de control de LC | 106864 |
| 011 ## - ENLACE DEL NUMERO DE CONTROL DE LA BIBLIOTECA DEL CONGRESO [OBSOLETO] | |
| Número de control de LC | 107836 |
| 040 ## - FUENTE DE LA CATALOGACIÓN | |
| Centro/agencia transcriptor | CHAP |
| 090 ## - LOCALMENTE ASIGNADO TIPO-LC NÚMERO DE CLASIFICACIÓN (OCLC); NÚMERO DE CLASIFICACIÓN LOCAL (RLIN) | |
| Número de clasificación (OCLC) (R) ; Numero de clasificación, CALL (RLIN) (NR) | Tesis |
| 100 1# - ENTRADA PRINCIPAL--NOMBRE DE PERSONA | |
| Nombre de persona | Díaz Rosas, Emilio |
| 9 (RLIN) | 127897 |
| 245 10 - MENCIÓN DE TÍTULO | |
| Título | Estudio de factibilidad técnico-económico para la puesta en marcha de una planta procesadora de nopal (Ficus Indica) productores de nopal Yopitas S.P.R. de R.L. en el Municipio de Tlayacapan, Morelos. |
| Medio | [En línea] |
| Mención de responsabilidad, etc. | por Emilio Díaz Rosas y Omar Ocampo Cabrera. |
| 260 ## - PUBLICACIÓN, DISTRIBUCIÓN, ETC. | |
| Lugar de publicación, distribución, etc. | Chapingo, Méx. : |
| Nombre del editor, distribuidor, etc. | El autor, |
| Fecha de publicación, distribución, etc. | 2014. |
| 500 ## - NOTA GENERAL | |
| Nota general | Para ver el contenido del material haga clic en la liga |
| 502 ## - NOTA DE TESIS | |
| Nota de tesis | Tesis (Ing. Agr. Esp. en Ingeniero Agroindustrial) -- UACH. Departamento de Ingeniería Agroindustrial |
| 590 ## - NOTA LOCAL (RLIN) | |
| Nota local | BATCH-UPD |
| Procedencia (VM) [OBSOLETO] | 05 |
| Condición del los carretes individuales (VM) [OBSOLETO] | 20141002 |
| -- | UCH01 |
| -- | 0905 |
| 590 ## - NOTA LOCAL (RLIN) | |
| Nota local | E5765TAJ |
| Procedencia (VM) [OBSOLETO] | 05 |
| Condición del los carretes individuales (VM) [OBSOLETO] | 20140826 |
| -- | UCH01 |
| -- | 0852 |
| 590 ## - NOTA LOCAL (RLIN) | |
| Nota local | E5765TAJ |
| Procedencia (VM) [OBSOLETO] | 05 |
| Condición del los carretes individuales (VM) [OBSOLETO] | 20140826 |
| -- | UCH01 |
| -- | 0853 |
| 650 14 - PUNTO DE ACCESO ADICIONAL DE MATERIA--TÉRMINO DE MATERIA | |
| Término de materia o nombre geográfico como elemento de entrada | Nopal |
| Subdivisión general | Industria. |
| 9 (RLIN) | 81676 |
| 650 14 - PUNTO DE ACCESO ADICIONAL DE MATERIA--TÉRMINO DE MATERIA | |
| Término de materia o nombre geográfico como elemento de entrada | Nopal |
| Subdivisión general | Morelos. |
| 9 (RLIN) | 81685 |
| 650 14 - PUNTO DE ACCESO ADICIONAL DE MATERIA--TÉRMINO DE MATERIA | |
| Término de materia o nombre geográfico como elemento de entrada | Nopal |
| Subdivisión general | Procesado. |
| 9 (RLIN) | 127899 |
| 650 14 - PUNTO DE ACCESO ADICIONAL DE MATERIA--TÉRMINO DE MATERIA | |
| Término de materia o nombre geográfico como elemento de entrada | Plantas industriales. |
| 9 (RLIN) | 89009 |
| 700 1# - PUNTO DE ACCESO ADICIONAL--NOMBRE DE PERSONA | |
| Nombre de persona | Ocampo Cabrera, Omar |
| 9 (RLIN) | 127898 |
| 856 ## - LOCALIZACIÓN Y ACCESO ELECTRÓNICOS | |
| Nombre del host | Finding aid |
| Identificador Uniforme del Recurso | <a href="http://10.13.5.2/tesis/sist110402.pdf">http://10.13.5.2/tesis/sist110402.pdf</a> |
| Nota pública | Teclea aquí |
| 901 ## - ELEMENTOS DE DATOS A LOCAL LDA (RLIN) | |
| a | BK |
| 942 ## - ELEMENTOS DE PUNTO DE ACCESO ADICIONAL (KOHA) | |
| Tipo de ítem Koha | Tesis |
| 942 ## - ELEMENTOS DE PUNTO DE ACCESO ADICIONAL (KOHA) | |
| Suprimir en OPAC | 0 |
| Estado de retiro | Estado de pérdida | Fuente del sistema de clasificación o colocación | Estado dañado | Restricciones de uso | No para préstamo | Código de colección | Localización permanente | Ubicación/localización actual | Ubicación en estantería | Fecha de adquisición | Información codificada de la localización en otra ubicación | Total de préstamos | Signatura topográfica completa | Código de barras | Fecha visto por última vez | Número de copia | Precio válido a partir de | Tipo de ítem Koha | Nota pública |
|---|---|---|---|---|---|---|---|---|---|---|---|---|---|---|---|---|---|---|---|
| Clasificación Universidad Autónoma de Chapingo | Préstamo 3 días | Tesis | Biblioteca Central | Biblioteca Central | Planta alta - Área de Tesis - Tesis | 26/08/2014 | TESIS | Tesis | 33724002418199 | 31/12/2019 | c.2 | 31/12/2019 | Tesis | ||||||
| Préstamo interno2 | Excluido de préstamo | Tesis | Biblioteca Central | Biblioteca Central | 26/08/2014 | TESIS | Tesis | 33724002418231 | 31/12/2019 | 31/12/2019 | Tesis | Recien adquirido |
